[Event "London Classic FIDE Open"]
[Site "London ENG"]
[Date "2009.12.08"]
[Round "1"]
[White "Valentine,B"]
[Black "Crouch,C"]
[Result "0-1"]
[WhiteElo "1978"]
[BlackElo "2346"]

1.e4 d5 2.exd5 Qxd5 3.Nc3 Qd6 4.d4 Nf6 5.Nf3 c6 6.Ne5 Nbd7 7.Nc4 Qc7 8.Qf3 Nb6
9.Bf4 Qd8 10.Be5 Be6 11.Ne3 Nbd5 12.Ncxd5 Nxd5 13.c3 f6 14.Bg3 Bf7 15.Bc4 e6
16.O-O Be7 17.Nxd5 cxd5 18.Bb5+ Kf8 19.Rfe1 g6 20.Bd3 Kg7 21.Bf4 a6 22.a4 Re8
23.Qe2 Bd6 24.Bxd6 Qxd6 25.Qd2 Re7 26.f4 Be8 27.Qf2 Bd7 28.Re3 Rg8 29.Qh4 Rf7
30.a5 Qc7 31.Rf3 Kf8 32.Qe1 Ke7 33.Qd1 Kd8 34.Qb3 Kc8 35.c4 Bc6 36.Rf2 Kb8
37.c5 Kc8 38.Qc3 g5 39.Re1 gxf4 40.Rxe6 Bd7 41.Rd6 Rg4 42.Be2 Rh4 43.Bf3 Re7
44.Rxd5 Re3 45.Qc2 Qxa5 46.Rf1 Re1 47.Rh5 Bb5  0-1

[Event "London Classic FIDE Open"]
[Site "London ENG"]
[Date "2009.12.09"]
[Round "2"]
[White "Bishop,G"]
[Black "Calvert,D"]
[Result "1/2-1/2"]
[WhiteElo "1839"]
[BlackElo "2070"]

1.e4 d5 2.exd5 Qxd5 3.Nc3 Qd6 4.d4 Nf6 5.Bd3 a6 6.Nge2 Bg4 7.f3 Bh5 8.Bf4 Qd8
9.O-O e6 10.Qd2 Be7 11.Ne4 Nbd7 12.c3 O-O 13.Bg3 Bg6 14.Nf4 Nxe4 15.fxe4 c5
16.Nxg6 hxg6 17.a3 Rc8 18.b4 cxd4 19.cxd4 Bf6 20.e5 Bg5 21.Bf4 Bxf4 22.Qxf4 Nb6
23.Qg4 Qe7 24.Be4 Nd5 25.Bxd5 exd5 26.Rac1 Qe6 27.Qxe6 fxe6 28.Rxf8+ Rxf8
29.Rc7 Rf7 30.Rxf7 Kxf7 31.a4 b5 32.a5 g5 33.g4 Kg6 34.Kg2 Kh6 35.Kg3 Kg6
36.h4 Kh6 37.Kh3 gxh4 38.Kxh4 g5+ 39.Kg3  1/2-1/2

[Event "London Classic FIDE Open"]
[Site "London ENG"]
[Date "2009.12.11"]
[Round "5"]
[White "Pedersen,Ca"]
[Black "Crouch,C"]
[Result "0-1"]
[WhiteElo "2155"]
[BlackElo "2346"]

1.e4 d5 2.exd5 Qxd5 3.Nc3 Qd6 4.d4 Nf6 5.Nf3 c6 6.Ne5 Nbd7 7.Nc4 Qc7 8.Qf3 Nb6
9.Ne4 Be6 10.Ne3 Nxe4 11.Qxe4 g6 12.Be2 Bg7 13.O-O O-O 14.Rd1 Rad8 15.c3 Qd7
16.f4 Nc8 17.b3 Nd6 18.Qf3 Qc7 19.Bb2 f5 20.g3 Kh8 21.Bd3 b5 22.Rac1 c5 23.c4 bxc4
24.Nxc4 Nb5 25.dxc5 Qxc5+ 26.Qf2 Nd4 27.Ne3 Qb6 28.Kf1 Qb7 29.Qg2 Bc8 30.Qxb7 Bxb7
31.Nc4 Nf3 32.Bxg7+ Kxg7 33.h3 g5 34.Kf2 gxf4 35.gxf4 Kf6 36.Na5 Ba8 37.Be2 Nd2
38.Nc6 Ne4+ 39.Ke3 Rxd1 40.Bxd1 Rc8  0-1

[Event "London Classic FIDE Open"]
[Site "London ENG"]
[Date "2009.12.13"]
[Round "7"]
[White "Friedland,J"]
[Black "Crouch,C"]
[Result "0-1"]
[WhiteElo "2162"]
[BlackElo "2346"]

1.e4 d5 2.exd5 Qxd5 3.Nc3 Qd6 4.Bc4 Nf6 5.d3 a6 6.Qe2 b5 7.Bb3 Bb7 8.Nf3 e6
9.Bg5 Nbd7 10.O-O Nc5 11.Rad1 Nxb3 12.axb3 Be7 13.Rfe1 O-O 14.d4 b4 15.Bxf6 gxf6
16.Ne4 Qd5 17.c4 bxc3 18.bxc3 Qxb3 19.c4 Bxe4 20.Qxe4 Qxc4 21.Rc1 Qb4 22.Rxc7 Rac8
23.Rb7 f5 24.Qb1 Qxb1 25.Rexb1 Bf6 26.Ra7 Ra8 27.Rbb7 Rxa7 28.Rxa7 Rb8 29.g3 Rb1+
30.Kg2 Ra1 31.Ne5 Ra2 32.Kf3 a5 33.Ra8+ Kg7 34.Ra7 Bxe5 35.dxe5 a4 36.h3 Kg6
37.Ra6 Ra3+ 38.Kf4 Ra2 39.Kf3 f4 40.g4 Kg5 41.Ra7 Ra3+ 42.Kg2 Kg6 43.h4 h6
44.Ra8 h5 45.g5 Kf5 46.Ra7 Kg4 47.Rxf7 f3+ 48.Kh2 Ra2 49.Kg1 Ra1+ 50.Kh2 Rf1
51.g6 Rxf2+ 52.Kg1 Rg2+ 53.Kf1 Kxh4 54.g7 Rg6 55.Kf2 Kg5 56.Kxf3 Kh6 57.Ra7 Rxg7
58.Rxa4 Kg5 59.Ke4 Rb7 60.Ra8 Rb4+ 61.Kf3 Kf5 62.Rh8 Rb3+ 63.Kf2 Kg4 64.Rh6 Rb6
65.Rg6+ Kf5 66.Rh6 Kg5 67.Rh8 Rb5 68.Rg8+ Kf4 69.Rg6 Rxe5 70.Rh6 Kg5 71.Rh7 Rf5+
72.Ke3 Kg4 73.Rh6 e5 74.Ke4 Rg5 75.Rh8 h4 76.Rh7 h3 77.Rh8 Rh5  0-1

[Event "Tch-SLO League"]
[Site "Rogaska Slatina SLO"]
[Date "2009.12.13"]
[Round "5"]
[White "Djurkovic,M"]
[Black "Piskur,M"]
[Result "0-1"]
[WhiteElo "2147"]
[BlackElo "2284"]

1.e4 d5 2.exd5 Qxd5 3.Nc3 Qd8 4.Bc4 Nf6 5.d3 a6 6.a4 Nc6 7.Bg5 Bg4 8.f3 Bf5
9.Nge2 e6 10.Ng3 Bg6 11.O-O h6 12.Bd2 Qd4+ 13.Kh1 Qh4 14.Nge2 Bd6 15.g3 Qh3
16.Nf4 Bxf4 17.Bxf4 Nh5 18.Ne2 e5 19.Ng1 Qf5 20.Be3 Nf6 21.g4 Qd7 22.Ne2 h5
23.g5 Nd5 24.Bd2 Nce7 25.Nc3 O-O-O 26.Qe2 Qf5 27.Qf2 Nb6 28.Bb3 Kb8 29.Ne4 Nc6
30.a5 Nd5 31.Bc4 Nd4 32.c3 Ne6 33.Ra3 Ndf4 34.Rb3 Ka8 35.Nc5 Rb8 36.Nd7 Nxd3
37.Bxd3 Qxd3 38.Nxb8 Rxb8 39.Qe3 Qxf1+  0-1

[Event "16th Open A"]
[Site "Zadar CRO"]
[Date "2009.12.13"]
[Round "1"]
[White "Matejovic,J"]
[Black "Nikolov,Sas"]
[Result "0-1"]
[WhiteElo "2239"]
[BlackElo "2410"]

1.e4 d5 2.exd5 Qxd5 3.Nc3 Qd6 4.d4 Nf6 5.Nf3 a6 6.g3 Bg4 7.h3 Bh5 8.Bg2 Nc6
9.O-O O-O-O 10.Bf4 Qb4 11.a3 Qc4 12.g4 Bg6 13.Ne5 Nxe5 14.Bxe5 e6 15.Qf3 Nd5
16.Nxd5 exd5 17.b3 Qc6 18.c4 f6 19.cxd5 Qb6 20.Bg3 Bd6 21.Rac1 Rhe8 22.Bxd6 Qxd6
23.Qc3 Be4 24.Bxe4 Rxe4 25.Rfe1 Rxe1+ 26.Rxe1 Qxa3 27.Qd3 Kb8 28.Qxh7 Qxb3
29.Qxg7 Qxh3 30.Re3 Qh4 31.Qg6 Ka7 32.Qf5 Qg5 33.Qxg5 fxg5 34.Re5 b5 35.Kf1 b4
36.Ke2 a5 37.Kd3 a4 38.Kc4 b3 39.Re2 Rb8 40.Rb2 Ka6 41.Kc3 Ka5 42.Rb1 Rf8  0-1

[Event "London Classic FIDE Open"]
[Site "London ENG"]
[Date "2009.12.14"]
[Round "8"]
[White "McKerracher,D"]
[Black "Calvert,D"]
[Result "1/2-1/2"]
[WhiteElo "1957"]
[BlackElo "2070"]

1.e4 d5 2.exd5 Qxd5 3.Nc3 Qd6 4.d4 Nf6 5.Nf3 a6 6.g3 Bg4 7.h3 Bh5 8.Bg2 Nc6
9.O-O O-O-O 10.Bf4 Qb4 11.g4 Bg6 12.a3 Qxb2 13.Qe1 e6 14.Rb1 Qxc2 15.Ne5 Nd5
16.Rc1 Qb3 17.Nxd5 exd5 18.Nxc6 bxc6 19.Rxc6 Bd6 20.Bxd6 Rxd6 21.Rxd6 cxd6
22.Qa5 Kd7 23.Rc1 Rc8 24.Rxc8 Kxc8 25.Qxa6+ Kd7 26.a4 Qd1+ 27.Bf1 Be4 28.Qb7+ Ke6
29.Qc8+ Ke7 30.Qc7+ Ke6 31.Qc8+ Ke7  1/2-1/2

[Event "16th Open B"]
[Site "Zadar CRO"]
[Date "2009.12.14"]
[Round "2"]
[White "Deur,Z"]
[Black "Medancic,R"]
[Result "0-1"]
[WhiteElo "2089"]
[BlackElo "2251"]

1.e4 d5 2.exd5 Qxd5 3.Nc3 Qd6 4.Nf3 Nf6 5.g3 Bg4 6.Bg2 e6 7.h3 Bh5 8.O-O c6
9.d3 Be7 10.Ne4 Nxe4 11.dxe4 Qxd1 12.Rxd1 Nd7 13.Be3 a6 14.g4 Bg6 15.Nd2 Bc5
16.Bxc5 Nxc5 17.f4 f6 18.Nc4 Ke7 19.f5 Bf7 20.b4 Nd7 21.Nd6 Ne5 22.c4 h5
23.gxh5 Bxh5 24.Rd2 Rhd8 25.c5 Nf7 26.Nc4 Rxd2 27.Nxd2 Ne5 28.Bf1 Rd8 29.Nb3 g6
30.fxe6 Kxe6 31.Rc1 Bf3 32.Bg2 Rd7 33.Rc3 Be2 34.Kf2 Bc4 35.Nc1 Rd2+ 36.Kg3 Bxa2
37.Bf1 Ke7 38.h4 Bb1  0-1

[Event "16th Open A"]
[Site "Zadar CRO"]
[Date "2009.12.14"]
[Round "3"]
[White "Zufic,M"]
[Black "Milanovic,Da"]
[Result "1/2-1/2"]
[WhiteElo "2453"]
[BlackElo "2546"]

1.e4 d5 2.exd5 Qxd5 3.Nc3 Qd6 4.d4 c6 5.Nf3 Bg4 6.Be3 Nf6 7.h3 Bh5 8.g4 Bg6
9.Ne5 Nd5 10.Nxd5 Qxd5 11.Rg1 Nd7 12.c4 Qa5+ 13.Qd2 Qxd2+ 14.Kxd2 O-O-O 15.Kc3 e6
16.Nxg6 hxg6 17.Bg2 Be7 18.Rgd1 g5 19.d5 exd5 20.cxd5 cxd5 21.Rxd5 Nb6 22.Rf5 f6
23.Rb5 Rd7 24.Kb3 Kb8 25.Rc1 Rhd8 26.Bxb6 axb6 27.Rxb6 Rc8 28.Rxc8+ Kxc8
29.Kc4 Rc7+ 30.Kd5 Bc5 31.Rb5 Bxf2 32.Ke6 b6 33.Rb3  1/2-1/2

[Event "16th Open A"]
[Site "Zadar CRO"]
[Date "2009.12.16"]
[Round "5"]
[White "Ragger,M"]
[Black "Milanovic,Da"]
[Result "1/2-1/2"]
[WhiteElo "2565"]
[BlackElo "2546"]

1.e4 d5 2.exd5 Qxd5 3.Nc3 Qd6 4.d4 c6 5.Nf3 Bg4 6.h3 Bxf3 7.Qxf3 Nf6 8.Bd3 e6
9.Ne2 Nbd7 10.O-O Qd5 11.Qe3 Bd6 12.c4 Qa5 13.Qg5 Qxg5 14.Bxg5 O-O-O 15.Rfd1 Kb8
16.Rab1 Rhe8 17.b4 h6 18.Be3 e5 19.c5 exd4 20.Nxd4 Be5 21.b5 Kc7 22.bxc6 bxc6
23.Nxc6 Kxc6 24.Bb5+ Kc7 25.Bd2 Nb8 26.Ba5+ Kc8 27.Bxd8 Rxd8 28.Re1 Rd5 29.Rbc1 Nbd7
30.Bc6 Bf4 31.Rc4 Rf5 32.g4 Re5 33.Rd1 g5 34.Ra4 Rxc5 35.Bxd7+ Nxd7 36.Rxa7 Ne5
37.Kg2 Rc7 38.Ra8+ Kb7 39.Ra4 Rc2 40.Rb4+ Kc7 41.Ra4 Kb7 42.Rb1+ Kc7 43.Ra7+ Kd6
44.Rb6+ Kd5 45.Ra5+ Ke4 46.Ra4+ Kd5 47.Ra5+ Ke4 48.Ra4+ Kd5  1/2-1/2

[Event "9th Amplico Life Rapid"]
[Site "Warsaw POL"]
[Date "2009.12.19"]
[Round "2"]
[White "Lewandowski,Ra"]
[Black "Tiviakov,S"]
[Result "1/2-1/2"]
[WhiteElo "2164"]
[BlackElo "2664"]

1.e4 d5 2.exd5 Qxd5 3.Nc3 Qd6 4.d4 Nf6 5.Nf3 c6 6.Bc4 Bg4 7.Be3 Nbd7 8.Bb3 e6
9.h3 Bh5 10.Qe2 Be7 11.O-O-O O-O-O 12.g4 Bg6 13.Nh4 Nd5 14.Nxg6 hxg6 15.Nxd5 cxd5
16.Qf3 Rdf8 17.Bf4 Qc6 18.Rd3 Bb4 19.Kb1 Kd8 20.c4 dxc4 21.d5 exd5 22.Rxd5 cxb3
23.Rhd1 bxa2+ 24.Ka1 g5 25.Rxd7+ Qxd7 26.Rxd7+ Kxd7 27.Qd5+ Kc8 28.Qf5+ Kd8
29.Qd5+ Kc8 30.Qc4+ Kd7 31.Qc7+ Ke6 32.Qe5+ Kd7 33.Qc7+ Ke6 34.Qe5+ Kd7 35.Qc7+  1/2-1/2

[Event "9th Amplico Life Rapid"]
[Site "Warsaw POL"]
[Date "2009.12.19"]
[Round "4"]
[White "Kochetkova,J"]
[Black "Tiviakov,S"]
[Result "0-1"]
[WhiteElo "2309"]
[BlackElo "2664"]

1.e4 d5 2.exd5 Qxd5 3.Nc3 Qd6 4.d4 Nf6 5.Nf3 c6 6.Ne5 Nbd7 7.Nc4 Qc7 8.Be2 g6
9.O-O Bg7 10.Bf3 O-O 11.g3 Nb6 12.Bf4 Qd8 13.Nxb6 Qxb6 14.Rb1 Be6 15.Be5 Rad8
16.Qe2 Rfe8 17.a3 Bd5 18.Bxd5 cxd5 19.Qf3 Qc6 20.Rfe1 Rd7 21.Qd3 Rc8 22.h3 a6
23.Re2 Ne4 24.Bxg7 Nxc3 25.bxc3 Kxg7 26.Re3 Rdc7 27.Qe2 Qd6 28.Rb3 b5 29.Qf3 e6
30.h4 Qe7 31.Kg2 Qf6 32.Qe2 Rc4 33.Rf3 Qe7 34.h5 Qg5 35.hxg6 hxg6 36.Qe3 Qxe3
37.Rxe3 Kf6 38.Kf1 Ke7 39.Ke2 Rh8 40.Rb1 Ra4 41.Ra1 Kd6 42.Rf3 Rh7 43.Kd2 g5
44.g4 Ke7 45.Rg3 Rh2 46.Ke2 Kf6 47.Ke3 Kg6 48.Ke2 Rc4 49.Rb1 Rh8 50.Kd2 Ra4
51.Ra1 Kf6 52.Rf3+ Ke7 53.Rg3 Rh6 54.Ke2 Rf6 55.Rg2 Rf4 56.Rg3 Kd6 57.f3 a5
58.Rb1 Rxa3 59.Rxb5 Rxc3 60.Rxa5 Rxc2+ 61.Ke3 Rc3+  0-1

[Event "9th Amplico Life Rapid"]
[Site "Warsaw POL"]
[Date "2009.12.19"]
[Round "4"]
[White "Najbar,Mar"]
[Black "Tomczak,J"]
[Result "0-1"]
[WhiteElo "2222"]
[BlackElo "2500"]

1.e4 d5 2.exd5 Qxd5 3.Nc3 Qd6 4.Nge2 Nf6 5.d4 Bg4 6.h3 Bh5 7.g4 Bg6 8.Bg2 Nc6
9.Bf4 Qd7 10.a3 e6 11.O-O a6 12.Qd2 Be7 13.Rad1 Rd8 14.Rfe1 O-O 15.Qc1 Qc8
16.Na4 Na5 17.Bd2 Nc4 18.Bb4 Bxb4 19.axb4 Rfe8 20.Nf4 b6 21.b3 Qd7 22.Nxg6 hxg6
23.Qa1 Nd6 24.c4 Rb8 25.Nc3 b5 26.c5 Nc8 27.Qxa6 Ne7 28.Qa2 c6 29.Qd2 Ra8
30.Ra1 Ned5 31.Nxd5 Nxd5 32.Ra5 Rac8 33.Rea1 Qe7 34.Bxd5 exd5 35.Ra7 Qf6
36.Rd7 Re4 37.Rd1 Rce8 38.Rd6 Qf3  0-1

[Event "9th Amplico Life Rapid"]
[Site "Warsaw POL"]
[Date "2009.12.19"]
[Round "5"]
[White "Czarnota,D"]
[Black "Pitl,G"]
[Result "1-0"]
[WhiteElo "2214"]
[BlackElo "2420"]

1.e4 d5 2.exd5 Qxd5 3.Nc3 Qd6 4.d4 Nf6 5.Nf3 a6 6.Be3 b5 7.a3 Bb7 8.Be2 Nbd7
9.Qd2 e6 10.O-O Be7 11.Bf4 Qb6 12.Ne5 Rd8 13.Rad1 O-O 14.Qe3 c5 15.dxc5 Nxc5
16.b4 Ncd7 17.Nxd7 Nxd7 18.Qg3 e5 19.Bxe5 Nxe5 20.Qxe5 Bf6 21.Qg3 Bxg2 22.Kxg2 Qc6+
23.Nd5 Qxd5+ 24.Rxd5 Rxd5 25.Kh1 Re8 26.Bd3 Rh5 27.f4 g6 28.Re1 Rd8 29.Qf3 Kg7
30.Qc6 Bh4 31.Re8 Rd4 32.Re4 Rdd5 33.Re5 Rdxe5 34.fxe5 Bg3 35.Qf6+ Kh6 36.e6  1-0

[Event "16th Open A"]
[Site "Zadar CRO"]
[Date "2009.12.19"]
[Round "9"]
[White "Mazi,L"]
[Black "Dimitrov,Pa"]
[Result "1-0"]
[WhiteElo "2352"]
[BlackElo "2371"]

1.e4 d5 2.exd5 Qxd5 3.Nc3 Qd6 4.d4 Nf6 5.g3 Bg4 6.Be2 Bxe2 7.Ngxe2 Nc6 8.Bf4 Qd7
9.Qd2 O-O-O 10.O-O-O Qf5 11.d5 Nxd5 12.Nd4 Nxc3 13.Nxf5 Rxd2 14.Rxd2 Ne4
15.Re2 Nd6 16.Nxd6+ cxd6 17.Rd1 g6 18.c3 a6 19.a4 Bg7 20.Kc2 Kd7 21.b4 Rc8
22.Kb3 b5 23.Ra2 h6 24.axb5 axb5 25.Ra6 Bxc3 26.Be3 Nxb4 27.Rb6 e6 28.Rb7+ Ke8
29.Rxb5 Nd5 30.Rc1 Kd7 31.Rxd5 Rb8+ 32.Kxc3 exd5 33.Kd4 Ke6 34.Re1 Rb4+ 35.Kc3 Re4
36.Kd3 h5 37.f3 Ra4 38.Bd4+ Kd7 39.Ra1 Rb4 40.Ra6 Rb1 41.Ra2 Ke6 42.Re2+ Kd7
43.Bc3 Rd1+ 44.Rd2 Rh1 45.Ke3 Ke6 46.Kf4 f6 47.h4 Rc1 48.Bd4 Rc4 49.Re2+ Kf7
50.Ke3 Ra4 51.Kd3 g5 52.Rb2 Ra3+ 53.Bc3 gxh4 54.gxh4 Ra4 55.Rb4 Ra3 56.Rf4 Ke7
57.Rf5 Ke6 58.Rxf6+ Kd7 59.Rf4 Kc6 60.Kc2 Ra2+ 61.Kd3 Ra3 62.Rb4 Ra2 63.f4 Rf2
64.Bd2 Kd7 65.Be3 Rf1 66.Ke2 Ra1 67.f5 Ra8 68.Kf3 Rg8 69.Rb7+ Kc6 70.Rh7 Kb5
71.f6 Rf8 72.f7 Kc4 73.Bh6  1-0

[Event "9th Amplico Life Rapid"]
[Site "Warsaw POL"]
[Date "2009.12.20"]
[Round "9"]
[White "Warszawski,B"]
[Black "Tiviakov,S"]
[Result "0-1"]
[WhiteElo "2286"]
[BlackElo "2664"]

1.e4 d5 2.exd5 Qxd5 3.Nc3 Qd6 4.d4 Nf6 5.Nf3 c6 6.Ne5 Nbd7 7.Bf4 Nd5 8.Nxd5 Qxd5
9.Qd2 Nxe5 10.Bxe5 Bf5 11.c4 Qe4+ 12.Qe2 O-O-O 13.Qxe4 Bxe4 14.f3 Bf5 15.Rd1 f6
16.Bg3 e5 17.dxe5 Bb4+ 18.Ke2 Rxd1 19.Kxd1 Rd8+ 20.Kc1 Bd2+ 21.Kd1 Bc3+ 22.Kc1 Bd4
23.Bf4 fxe5 24.Bg5 Rd7 25.b3 h6 26.Bd2 Bb2+ 27.Kxb2 Rxd2+ 28.Ka3 Bb1 29.g3 Rxa2+
30.Kb4 a5+  0-1

[Event "9th Amplico Life Rapid"]
[Site "Warsaw POL"]
[Date "2009.12.20"]
[Round "10"]
[White "Peterson,Er"]
[Black "Pitl,G"]
[Result "1/2-1/2"]
[WhiteElo "2242"]
[BlackElo "2420"]

1.e4 d5 2.exd5 Qxd5 3.Nc3 Qd6 4.Nf3 Nf6 5.d4 a6 6.Be2 Nc6 7.O-O Bf5 8.Be3 O-O-O
9.Qd2 e5 10.dxe5 Nxe5 11.Qxd6 Bxd6 12.Nd4 Bg6 13.h3 c5 14.Nb3 Ned7 15.Rad1 Kc7
16.Rd2 Rhe8 17.Rfd1 Bf8 18.Bf4+ Kb6 19.Na4+ Ka7 20.Bg4 Re4 21.Bc7 Rc8 22.Nc3 Rxg4
23.hxg4 Rxc7 24.g5 c4 25.Nc1 Bb4 26.gxf6 Nxf6 27.f3 h5 28.Kf1 h4 29.N1e2 Rc5
30.a3 Ba5 31.Nf4 Bf5 32.Nfd5 Nh5 33.Ne3 Be6 34.Ned5 Ng3+ 35.Kf2 g5 36.Rd4 Nf5
37.Re4 Rc8 38.Kg1 b5 39.Kh2 Kb7 40.Ne3 Bc7+ 41.Kg1 Nxe3 42.Rxe3 Bb6 43.Kf2 Kc6
44.Ke2 Bxe3 45.Kxe3 Rh8 46.Ne4 g4 47.fxg4 Bxg4 48.Rd6+ Kc7 49.Rxa6 Re8 50.Kf4 f5
51.Nc3 Re1 52.Nxb5+ Kb7 53.Rh6 Re2 54.Rxh4 Rxc2 55.Nd4 Rxg2 56.Nxf5 Bxf5
57.Kxf5 Rxb2 58.Rxc4 Kb6 59.Rb4+ Rxb4  1/2-1/2

[Event "9th Amplico Life Rapid"]
[Site "Warsaw POL"]
[Date "2009.12.20"]
[Round "10"]
[White "Vovk,Y"]
[Black "Grafl,F"]
[Result "1-0"]
[WhiteElo "2546"]
[BlackElo "2428"]

1.e4 d5 2.exd5 Qxd5 3.Nc3 Qd6 4.d4 Nf6 5.Nf3 a6 6.Be3 b5 7.Bd3 Bb7 8.a4 b4
9.Nb1 Nbd7 10.Nbd2 e6 11.Nc4 Qd5 12.O-O Be7 13.Bf4 Rc8 14.Ne3 Qc6 15.Ne5 Nxe5
16.dxe5 Nd5 17.Be4 Rd8 18.Qg4 g5 19.Bxg5 Rg8 20.h4 h6 21.Qh5 hxg5 22.Qh7 Rf8
23.h5 Qc5 24.Ng4 Bc6 25.c3 Nf4 26.Rfd1 Qc4 27.Bxc6+ Qxc6 28.Ne3 bxc3 29.Qc2 f5
30.exf6 Bxf6 31.g3 Nd5 32.Ng4 Ke7 33.bxc3 Qxc3 34.Qe2 Qxa1 35.Rxa1 Bxa1 36.Qxa6 Rb8
37.Qd3 Bc3 38.h6 Rb4 39.Qe2 Bd4 40.Qd2 Rb2 41.Qxd4 Rb4 42.Qg7+ Rf7 43.Qxg5+ Kd6
44.Kg2 Rxa4 45.Qd8+ Kc5 46.Qe8 Rxg4 47.Qxf7  1-0

[Event "26th Open"]
[Site "Geneva SUI"]
[Date "2009.12.26"]
[Round "1"]
[White "Guex,P"]
[Black "Michel,JC"]
[Result "1-0"]
[WhiteElo "2155"]
[BlackElo "1875"]

1.e4 d5 2.exd5 Qxd5 3.Nc3 Qd6 4.d4 Nf6 5.Nf3 a6 6.g3 Bg4 7.h3 Bxf3 8.Qxf3 Nc6
9.Be3 O-O-O 10.O-O-O g6 11.Bg2 h5 12.Na4 Bh6 13.Bxh6 Rxh6 14.Qb3 Nd5 15.Nc5 Na5
16.Qf3 f6 17.Qe2 e5 18.Qd2  1-0

[Event "11th Christmas Open"]
[Site "Litomysl CZE"]
[Date "2009.12.26"]
[Round "1"]
[White "Bartosova,L"]
[Black "Heinzel,O"]
[Result "0-1"]
[WhiteElo "1920"]
[BlackElo "2332"]

1.e4 d5 2.exd5 Qxd5 3.Nc3 Qd6 4.Nf3 Nf6 5.h3 a6 6.d4 b5 7.Be3 Bb7 8.Be2 Nbd7
9.O-O h6 10.Nh4 e6 11.Bf3 c6 12.Re1 O-O-O 13.g3 g5 14.Ng2 Nb6 15.b3 Bg7 16.a4 b4
17.Ne2 Nfd5 18.Bd2 c5 19.dxc5 Qxc5 20.Rc1 Kb8 21.c3 bxc3 22.Nxc3 Nxc3 23.Bxb7 Kxb7
24.Qf3+ Qd5 25.Qxf7+ Rd7 26.Qxg7 Rxg7 27.Bxc3 Rhh7 28.a5 Nd7 29.Ne3 Qb5 30.Nc4 Ka8
31.Nd6 Qxb3 32.Bd4 Rg8 33.Rc7 Nf6 34.Rc3 Qd5 35.Bxf6 Qxd6 36.Rce3 Re8 37.Rb3 Rb7
38.Be5 Qd2  0-1

[Event "18th Donau Open"]
[Site "Aschach AUT"]
[Date "2009.12.27"]
[Round "2"]
[White "Krejci,Jan2"]
[Black "Steiner,G"]
[Result "1-0"]
[WhiteElo "2458"]
[BlackElo "2196"]

1.e4 d5 2.exd5 Qxd5 3.Nc3 Qd6 4.d4 Nf6 5.Nf3 c6 6.g3 Bg4 7.Bg2 e6 8.h3 Bh5
9.Bf4 Qd8 10.g4 Bg6 11.Ne5 Nbd7 12.Qe2 Nxe5 13.Bxe5 Be7 14.h4 h6 15.O-O-O Kf8
16.g5 Nd5 17.Ne4 b5 18.Kb1 h5 19.Nc5 Qa5 20.Be4 Qb4 21.Qf3 Bxe4 22.Nxe4 Kg8
23.c3 Qa5 24.g6 fxg6 25.Qh3 Kh7 26.Qxe6 Rhe8 27.Qf7  1-0

[Event "Pan-American Intercollegiate"]
[Site "South Padre Island USA"]
[Date "2009.12.27"]
[Round "1"]
[White "Ortiz,Na"]
[Black "Stopa,Ja"]
[Result "0-1"]
[WhiteElo "2211"]
[BlackElo "2493"]

1.e4 d5 2.exd5 Qxd5 3.Nc3 Qd6 4.d4 Nf6 5.Bc4 c6 6.Nge2 Bf5 7.Bf4 Qb4 8.Bb3 e6
9.Ng3 Bg6 10.Qe2 Qxd4 11.Be5 Qd8 12.f4 Be7 13.f5 exf5 14.Bxf6 gxf6 15.O-O Nd7
16.Nxf5 Ne5 17.Rad1 Qb6+ 18.Kh1 Bxf5 19.Rxf5 Rd8 20.Rdf1 Kd7 21.Ne4 Kc8 22.Nxf6 Bxf6
23.Rxf6 Rhe8 24.Bxf7 Nxf7 25.Qg4+ Kb8 26.Rxf7 Qxb2 27.Rxh7 Ka8 28.Qg7 Qb6
29.h4 Rb8 30.Kh2 Qe3 31.Qg3 Qe4 32.Rff7 Qxc2 33.Qb3 Qe4 34.Qg3 a6 35.h5 Re5
36.Qf3 Qh4+ 37.Qh3 Qd4 38.Rhg7 Re4 39.Qf3 Qe5+ 40.g3 Rh4+ 41.Kg2 Rxh5 42.Re7 Qa5
43.a3 Rc5 44.Qb3 Qd2+ 45.Kh3 Rh5+ 46.Kg4 Rb5 47.Qe3 Qd1+ 48.Qf3 Qd6 49.Qe3 Ra5
50.Rd7 Qf6 51.Qf4 Qe6+ 52.Kh4 Re5 53.g4 Re4 54.Qg5 Re1 55.Qf5 Qh6+  0-1

[Event "39th Rilton Cup"]
[Site "Stockholm SWE"]
[Date "2009.12.27"]
[Round "1"]
[White "Nithander,V"]
[Black "Pohjala,H"]
[Result "0-1"]
[WhiteElo "2434"]
[BlackElo "2153"]

1.e4 d5 2.exd5 Qxd5 3.Nc3 Qd6 4.d4 a6 5.Nf3 Nf6 6.g3 Bg4 7.Bg2 Nc6 8.O-O O-O-O
9.d5 Nb4 10.Bf4 Qc5 11.Be3 Qd6 12.h3 Bh5 13.g4 Bg6 14.Nd4 Nbxd5 15.Nxd5 Nxd5
16.Qf3 Qf6 17.Nf5 c6 18.Rfd1 e6 19.Bd4 e5 20.Ba7 Bxf5 21.gxf5 Be7 22.Qe4 Nf4
23.Be3 Nxg2 24.Kxg2 g6 25.fxg6 hxg6 26.Rxd8+ Rxd8 27.Qg4+ Kc7 28.a4 c5 29.a5 Qc6+
30.Qf3 f5 31.Re1 Qxf3+ 32.Kxf3 Kc6 33.Rg1 Rd6 34.c4 Bd8 35.Bh6 Bxa5 36.Bf8 Rf6
37.Bg7 Re6 38.Rd1 Bc7 39.b3 Rd6 40.Rg1 Re6 41.Rd1 b5 42.Ra1 a5 43.Ke2 b4
44.Rd1 Bd6 45.Ra1 Kb6 46.Rd1 g5 47.Rg1 Rg6 48.Bh8 Rh6 49.Bg7 Rxh3 50.Rxg5 Rxb3
51.Rxf5 a4 52.Rf6 Kc7 53.Rf7+ Kc8 54.Ra7 a3 55.f3 Bc7 56.Bf8 Bb6 57.Ra4 Kb7
58.Bd6 Rb2+ 59.Kd3 Rf2 60.Ke4 Ra2 61.Bxe5 b3 62.Kd3 b2  0-1

[Event "26th Open"]
[Site "Boeblingen GER"]
[Date "2009.12.28"]
[Round "5"]
[White "Mutschnik,I"]
[Black "Vatter,H"]
[Result "1/2-1/2"]
[WhiteElo "2439"]
[BlackElo "2321"]

1.e4 d5 2.exd5 Qxd5 3.Nc3 Qd6 4.d4 Nf6 5.Nge2 c6 6.Bf4 Qd8 7.Ng3 e6 8.Nce4 Be7
9.Nxf6+ Bxf6 10.Nh5 Qxd4 11.Qxd4 Bxd4 12.O-O-O Bf6 13.Nxf6+ gxf6 14.Bd6 e5
15.f4 Bg4 16.Re1 Nd7 17.fxe5 fxe5 18.Bxe5 Nxe5 19.Rxe5+ Kf8 20.Bc4 Re8 21.Rxe8+ Kxe8
22.Re1+ Kf8 23.Rf1 Bh5 24.g4 Bg6 25.h4 h5 26.g5 Ke7 27.Kd2 Rd8+ 28.Ke3 Rd6
29.Bb3 c5 30.a4 a5  1/2-1/2

[Event "11th Christmas Open"]
[Site "Litomysl CZE"]
[Date "2009.12.30"]
[Round "6"]
[White "Krupa,M"]
[Black "Orosi,P"]
[Result "1-0"]
[WhiteElo "2216"]
[BlackElo "1905"]

1.e4 d5 2.exd5 Qxd5 3.Nc3 Qd6 4.d4 Nf6 5.Bc4 a6 6.Nf3 b5 7.Bb3 Bb7 8.Ne5 e6
9.Bf4 Qb6 10.a4 c5 11.a5 Qd8 12.dxc5 Qxd1+ 13.Rxd1 Bxc5 14.O-O Bb4 15.Rfe1 Bxa5
16.Nxf7 Kxf7 17.Rxe6 Bxc3 18.Re5+ Bd5 19.Rexd5 Nxd5 20.Bxd5+ Kf6 21.Bxa8 Bxb2
22.h4 Be5 23.Bg5+ Ke6 24.Bb7 h6 25.Be3 Re8 26.g4 Re7 27.Be4 Rc7 28.f4 Bb2
29.Bb6 Re7 30.h5 Kf7 31.Bg6+ Ke6 32.Bd8 Ra7 33.Bf5+ Kf7 34.Re1 Ba3 35.Bg6+ Kg8
36.Re8+ Bf8 37.Bb6 Rb7 38.Be4 Rxb6 39.Bd5+ Kh7 40.Rxf8 g5 41.f5 a5 42.f6 a4
43.Be4+  1-0

[Event "26th Open"]
[Site "Travemuender GER"]
[Date "2009.12.30"]
[Round "7"]
[White "Mainka,R"]
[Black "Fries Nielsen,JO"]
[Result "1/2-1/2"]
[WhiteElo "2513"]
[BlackElo "2432"]

1.e4 d5 2.exd5 Qxd5 3.Nc3 Qd6 4.d4 Nf6 5.Nf3 a6 6.Ne5 Nc6 7.Nxc6 Qxc6 8.Qd3 g6
9.d5 Qd6 10.Be3 Bf5 11.Qd2 Bg7 12.f3 h5  1/2-1/2

[Event "85th Masters"]
[Site "Hastings ENG"]
[Date "2009.12.31"]
[Round "4"]
[White "Webb,L"]
[Black "Calvert,D"]
[Result "1-0"]
[WhiteElo "2321"]
[BlackElo "2070"]

1.e4 d5 2.exd5 Qxd5 3.Nc3 Qd6 4.d4 Nf6 5.Nf3 a6 6.g3 Bg4 7.h3 Bh5 8.Bg2 Nc6
9.Be3 O-O-O 10.g4 Bg6 11.Qe2 e6 12.a3 Nd5 13.Nxd5 exd5 14.Nh4 Be7 15.Nxg6 hxg6
16.O-O-O Na5 17.Kb1 Nc4 18.Bc1 Rhe8 19.Qf3 f6 20.Qd3 g5 21.Ka2 c6 22.Rde1 Bf8
23.Qg6 Qd7 24.f4 gxf4 25.Bxf4 Bd6 26.Bc1 Bg3 27.Rxe8 Rxe8 28.h4 Kb8 29.g5 fxg5
30.Bh3 Qe7 31.Bxg5 Qe4 32.Bf5 Qxh1 33.Qxe8+ Ka7 34.Qe7 Qh2 35.Bd3 Nd6 36.Qf8 Qf2
37.Be7 Qf4 38.h5 Qh6 39.Bg6 Ne4 40.Bxe4 dxe4 41.Bc5+ b6 42.Qe7+ Kb8 43.Qd8+ Kb7
44.Qxb6+ Kc8 45.Qxa6+ Kd7 46.Qb7+ Kd8 47.Bb6+ Ke8 48.Qc8+  1-0

[Event "Meister Open"]
[Site "Basel SUI"]
[Date "2010.01.03"]
[Round "5"]
[White "Seidler,Lukas"]
[Black "Schultz,R"]
[Result "1-0"]
[WhiteElo "2049"]
[BlackElo "2205"]

1.e4 d5 2.exd5 Qxd5 3.Nc3 Qd6 4.Bc4 Nf6 5.d3 c6 6.Qf3 Nbd7 7.Bf4 e5 8.Bd2 Be7
9.h3 O-O 10.Nge2 Nc5 11.a3 Be6 12.Ng3 g6 13.b4 Ncd7 14.Bh6 Bxc4 15.Bxf8 Bxf8
16.dxc4 Qe6 17.O-O Qxc4 18.Rad1 a5 19.Nge4 axb4 20.axb4 Bxb4 21.Nxf6+ Nxf6
22.Qxf6 Bxc3 23.Rd3 Bd4 24.Rc1 c5 25.Qb6 Bxf2+ 26.Kh1 e4 27.Rd7 Re8 28.Rxb7 Bg3
29.Qc6 Qe6 30.Qb5 e3 31.Qe2 Qd5 32.Rcb1 Bf2 33.Ra7 Rf8 34.Rd1 Qh5 35.Qxh5 gxh5
36.Re7 Kg7 37.g4 hxg4 38.hxg4 Kf6 39.Re4 Rg8 40.Rd6+ Kg7 41.Kg2 h5 42.gxh5 f5
43.Rg6+ Kf7 44.Rxg8 fxe4 45.Rg4  1-0

[Event "22nd Open"]
[Site "Staufer GER"]
[Date "2010.01.05"]
[Round "9"]
[White "Mitura,K"]
[Black "Puerckhauer,S"]
[Result "0-1"]
[WhiteElo "2035"]
[BlackElo "2170"]

1.e4 d5 2.exd5 Qxd5 3.Nc3 Qd8 4.d4 c6 5.Nf3 Bf5 6.Bc4 e6 7.O-O Nf6 8.Be3 Nbd7
9.Re1 Bb4 10.Bd2 O-O 11.h3 h6 12.Ne4 Bxd2 13.Nxf6+ Qxf6 14.Qxd2 Bxh3 15.gxh3 Qxf3
16.Kh2 Nb6 17.Bd3 Nd5 18.Be4 Qf4+ 19.Qxf4 Nxf4 20.Rad1 Rad8 21.c4 Rd6 22.Rd2 Rfd8
23.Red1 Kf8 24.Kg3 Rxd4  0-1

[Event "39th Rilton Cup"]
[Site "Stockholm SWE"]
[Date "2010.01.05"]
[Round "9"]
[White "Von Bahr,O"]
[Black "Pohjala,H"]
[Result "1/2-1/2"]
[WhiteElo "2316"]
[BlackElo "2153"]

1.e4 d5 2.exd5 Qxd5 3.Nc3 Qd6 4.d4 Nf6 5.Nf3 a6 6.Ne5 Nc6 7.Nxc6 Qxc6 8.d5 Qd6
9.Be2 Bf5 10.Bf3 e6 11.dxe6 Qxe6+ 12.Be3 Rd8  1/2-1/2

[Event "ZVO Open"]
[Site "Borovo CRO"]
[Date "2010.01.06"]
[Round "8"]
[White "Mujic,H"]
[Black "Ostojic,N1"]
[Result "0-1"]
[WhiteElo "2327"]
[BlackElo "2448"]

1.e4 d5 2.exd5 Qxd5 3.Nc3 Qd6 4.d4 Nf6 5.Nf3 c6 6.Ne5 Nbd7 7.Bf4 Nd5 8.Nxd5 Qxd5
9.Qf3 Qxf3 10.Nxf3 Nf6 11.Bc4 Bf5 12.O-O-O e6 13.Ne5 Nd5 14.Bd2 Bd6 15.Rhe1 h6
16.Bd3 Bxe5 17.dxe5 Bxd3 18.cxd3 O-O-O 19.Re4 b6 20.h4 h5 21.Bg5 Rd7 22.a3 Kb7
23.Kc2 Rc8 24.Rh1 Rg8 25.g4 hxg4 26.Rxg4 g6 27.h5 gxh5 28.Rg3 Rh8 29.Rgh3 c5
30.Rxh5 Rg8 31.R1h2 Ne7 32.Be3 Nd5  0-1